000 00437nam a2200169 a 4500
020 _a0764537008
040 _cUKM
082 0 4 _a005 PEK 2003 C260 Or.
100 1 _aPeck, Wendy,
245 1 0 _aGreat web typography /
260 _aNew York :
_bWiley ;
_aChichester :
_bJohn Wiley,
_c2003
300 _axxi, 316 p. :
_bcol. ill. ;
_c26 cm
500 _aIncludes index
650 0 _aWeb typography
650 0 _aWeb sites
942 _cAEDBB
999 _c22267
_d22267